Indian Divorce Act 1869 (Record no. 682)

MARC details
000 -LEADER
fixed length control field 00581nam a2200241 a 4500
020 ## - INTERNATIONAL STANDARD BOOK NUMBER
ISBN
082 00 - DEWEY DECIMAL CLASSIFICATION NUMBER
Classification number 346.5401
Author Cutter GOI1
100 ## - MAIN ENTRY--AUTHOR NAME
Author name Govt Of India,
245 ## - TITLE STATEMENT
Title Indian Divorce Act 1869
260 ## - PUBLICATION, DISTRIBUTION, ETC. (IMPRINT)
Place of publication Delhi
Name of publisher Govt.Of India
Year of publication 1934
300 ## - PHYSICAL DESCRIPTION
Number of Pages 35p
500 ## - GENERAL NOTE
General note includes index and biblioraphy
505 2# - FORMATTED CONTENTS NOTE
Formatted contents note Methodist church west africa
650 ## - SUBJECT ADDED ENTRY--TOPICAL TERM
Topical Term Law-India
942 ## - ADDED ENTRY ELEMENTS (KOHA)
Koha item type Books
700 1# -
-- Govt Of India,
Holdings
Collection code Home library Current library Date acquired Cost, normal purchase price Full call number Accession Number Koha item type
  Henry Martyn Institute Library Henry Martyn Institute Library 06/05/2007 100.00 346.5401 GOI1 01966 Books
                   Copyright © 2026 | Henry Martyn Institute | Hyderabad | TS-500052 | INDIA | Implemented by hmi.edu.in
Hit-Count:

Powered by Koha